000 00603nam a22001817a 4500
005 20250908110319.0
010 _aENG-146822
020 _a9788119524822
_c299
035 _aEN-130354
037 _bDBAD
082 _a658.3152
100 _aArney ,O.Y
_984862
245 _aThe Employees Gate /
_cO.Y Arney
_bA Practical Guide To Getting Rich While Working For Others
260 _aKolkata
_bExceller Books A Global Press
_c2024
270 _aG1 Dream Apartment, Degree College Road, Belgharia
_bKolkata
_e700056
300 _a106 p.
_c21 cm(PBK)
942 _2ddc
_cEN
_h658.3152
_mArn
999 _c213360
_d213360